Sports Quiz

Random Sports or Logo Quiz

⚽ Clickable Crests by City (Blue/White XII) Quiz Stats

 Plays Quiz not verified by Sporcle

Support Sporcle.
Go Orange.
Score 0/24 Timer 06:00
0 Plays Today
% Correct
Luleå
(IFK)
82.9%
Iași
(Politehnica)
69.5%
Volos
(Niki)
69.5%
Nesebar
(OFC)
67.1%
Grantown
(Speyside Thistle)
63.4%
Tbilisi
(Dinamo Sukhumi)
62.2%
Lipljan
(KF Ulpiana)
62.2%
Staines
(Town)
62.2%
Komló
(Bányász SK)
61%
Kyperounta
(APEP)
59.8%
Riga
(RFS)
58.5%
Surdulica
(Radnik)
58.5%
% Correct
Gibraltar
(St. Joseph's)
58.5%
Rzeszów
(ZKS Stal)
57.3%
Delčevo
(Bregalnica)
54.9%
Eidsvoll
(TF)
52.4%
Neumünster
(VfR)
48.8%
Moscow
(Chertanovo)
47.6%
Lázně Bohdaneč
(AFK Atlantic)
42.7%
Bamberg
(TSV Eintracht)
42.7%
Vágur
(Suðuroy)
40.2%
Velbert
(SSVg)
39%
Ağsu
(FK)
39%
Vienna
(SC Hakoah)
36.6%

You're not logged in!

Compare scores with friends on all Sporcle quizzes.
OR
Log In

From the Vault

Franchise by Pez Dispenser Set

by WillieG

Dispense with the fun already!
Remove Ads.
Support Sporcle.
Get the best of Sporcle when you Go Orange. This ad-free experience offers more features, more stats, and more fun while also helping to support Sporcle. Thank you for becoming a member.

Show Comments

Extras

Top Quizzes Today


Score Distribution

Your Account Isn't Verified!

In order to create a playlist on Sporcle, you need to verify the email address you used during registration. Go to your Sporcle Settings to finish the process.

Report this User

Report this user for behavior that violates our Community Guidelines.

Details: